| 000 -ლიდერი |
| ფიქსირებული სიგრძის საკონტროლო ველი |
02014nam a22002657a 4500 |
| 003 - საკონტროლო ნომრის იდენტიფიკატორი |
| საკონტროლო ველი |
Ge_BSU |
| 005 - ბოლო ოპერაციის თარიღი და დრო |
| საკონტროლო ველი |
20221229120230.0 |
| 008 - ფიქსირებული სიგრძის მონაცემთა ელემენტები - ზოგადი ინფორმაცია |
| ფიქსირებული სიგრძის საკონტროლო ველი |
221229s2022ge xxu||||| |||| 00| 0 geo d |
| 020 ## - წიგნის საერთაშორისო სტანდარტული ნომერი |
| International Standard Book Number |
9789941842771 |
| 041 ## - ენის კოდი |
| Language code of text/sound track or separate title |
geo |
| 080 ## - უნივერსალური ათობითი კლასიფიკაციის ინდექსი |
| Universal Decimal Classification number |
94(479.22)+ 94(=353.1) ს-95 |
| 100 ## - მთავარი ჩანაწერი - პიროვნების სახელი |
| Personal name |
სუნი, რონალდ გრიგორ, ავტორი |
| 9 (RLIN) |
16628 |
| 245 ## - ცნობა სათაურის შესახებ |
| Title |
ქართველი ერის ჩამოყალიბება / |
| Statement of responsibility, etc |
რონალდ გრიგორ სუნი ; თარგმანი ქეთი ქანთარია ; სარედაქციო ჯგუფი: ნიკა ხოფერია, ნიკოლოზ ალექსიძე, ნატო ალხაზიშვილი ; ყდის დიზაინი და დაკაბადონება გვანცა მახათაძე. |
| 264 ## - წარმოების, გამოცემის, დისტრიბუციის და სხვა ცნობები |
| გამოცემის, წარმოების, დისტრიბუციის... ადგილი |
თბილისი : |
| გამოცემის, წარმოების, დისტრიბუციის... სახელწოდება |
ზიარი, |
| გამოცემის, წარმოების, დისტრიბუციის... თარიღი |
2022. |
| 300 ## - ფიზიკური აღწერა |
| Extent |
622 გვ. ; |
| Other physical details |
24 სმ. |
| 500 ## - ზოგადი შენიშვნა |
| General note |
წიგნი ითარგმნა და გამოიცა ჰაინრიხ ბიოლის ფონდის თბილისის ოფისი - სამხრეთ კავკასიის რეგიონის მხარდაჭერით. |
| 653 ## - INDEX TERM--UNCONTROLLED |
| Uncontrolled term |
ქართველი ერის ჩამოყალიბება |
| 653 ## - INDEX TERM--UNCONTROLLED |
| Uncontrolled term |
ისტორია |
| 700 ## - ADDED ENTRY--PERSONAL NAME |
| Personal name |
ქანთარია, ქეთი |
| Relator term |
მთარგმნელი |
| 9 (RLIN) |
16629 |
| 700 ## - ADDED ENTRY--PERSONAL NAME |
| Personal name |
ხოფერია, ნიკა |
| Relator term |
სარედაქციო ჯგუფი |
| 9 (RLIN) |
16630 |
| 700 ## - ADDED ENTRY--PERSONAL NAME |
| Personal name |
ალექსიძე, ნიკოლოზ |
| Relator term |
სარედაქციო ჯგუფი |
| 9 (RLIN) |
16631 |
| 700 ## - ADDED ENTRY--PERSONAL NAME |
| Personal name |
ალხაზიშვილი, ნატო |
| Relator term |
სარედაქციო ჯგუფი |
| 9 (RLIN) |
16632 |
| 700 ## - ADDED ENTRY--PERSONAL NAME |
| Personal name |
მახათაძე, გვანცა |
| Relator term |
ყდის დიზაინი და დაკაბადონება |
| 9 (RLIN) |
16633 |
| 942 ## - ADDED ENTRY ELEMENTS (KOHA) |
| Source of classification or shelving scheme |
|
| Koha item type |
წიგნი |